| 000 | 00627nam a2200169Ia 4500 | ||
|---|---|---|---|
| 008 | 090201s9999 xx 000 0 und d | ||
| 010 | _aKPL-48756 | ||
| 040 | _bमराठी | ||
| 041 | _aमराठी | ||
| 082 |
_a12301 _b48756 |
||
| 100 | _aप्रभाकर दिघे | ||
| 245 |
_aमुघल बादशहाच्या सुडाची परंपरा _cप्रभाकर दिघे |
||
| 260 |
_c2004 _bविनी प्रकाशन |
||
| 300 |
_a175 _bमोठा |
||
| 600 | _aमुघल बादशहाच्या सुडाची परंपरा | ||
| 942 | _cBOOK | ||
| 999 |
_c212664 _d212664 |
||